Lily's Promise : (Record no. 492715)
[ view plain ]
| 000 -LEADER | |
|---|---|
| fixed length control field | 00988nam a22002297a 4500 |
| 003 - CONTROL NUMBER IDENTIFIER | |
| control field | OSt |
| 005 - DATE AND TIME OF LATEST TRANSACTION | |
| control field | 20260512140040.0 |
| 008 - FIXED-LENGTH DATA ELEMENTS--GENERAL INFORMATION | |
| fixed length control field | 260512b |||||||| |||| 00| 0 eng d |
| 020 ## - INTERNATIONAL STANDARD BOOK NUMBER | |
| International Standard Book Number | 9781529073447 |
| 040 ## - CATALOGING SOURCE | |
| Original cataloging agency | Kenya National Library Service |
| 082 ## - DEWEY DECIMAL CLASSIFICATION NUMBER | |
| Classification number | 940.5318092 EBE |
| 100 ## - MAIN ENTRY--PERSONAL NAME | |
| Personal name | Ebert, Lily |
| Relator term | Author |
| 245 ## - TITLE STATEMENT | |
| Title | Lily's Promise : |
| Remainder of title | how I survived Auschwitz and found the strength to live / |
| Statement of responsibility, etc. | Lily Ebert, Dov Forman |
| 300 ## - PHYSICAL DESCRIPTION | |
| Extent | 303 pages : |
| Other physical details | illustrations ; |
| Dimensions | 20 cm |
| 520 ## - SUMMARY, ETC. | |
| Summary, etc. | In Lily's promise she writes about her happy childhood in Hungary, the death of her mother and two youngest siblings on their Auschwitz in 1944, and her determination to keep her two remaining sisters safe. She describes the inhumanity of the camp and the small acts of defiance that gave her strength. |
| 650 ## - SUBJECT ADDED ENTRY--TOPICAL TERM | |
| Topical term or geographic name entry element | History of Europe. |
| 650 ## - SUBJECT ADDED ENTRY--TOPICAL TERM | |
| Topical term or geographic name entry element | Biography. |
| 700 ## - ADDED ENTRY--PERSONAL NAME | |
| Personal name | Forman, Dov |
| Relator term | Author |
| 942 ## - ADDED ENTRY ELEMENTS (KOHA) | |
| Source of classification or shelving scheme | Dewey Decimal Classification |
| Koha item type | Books |
| Suppress in OPAC | No |
| Withdrawn status | Source of classification or shelving scheme | Damaged status | Not for loan | Home library | Current library | Date acquired | Source of acquisition | Cost, normal purchase price | Total checkouts | Full call number | Barcode | Date last seen | Price effective from | Koha item type |
|---|---|---|---|---|---|---|---|---|---|---|---|---|---|---|
| Dewey Decimal Classification | Nakuru Library | Acquisition, Cataloguing, Classification and Distribution Development | 05/12/2026 | BAI | 674.00 | 940.5318092 EBE | B231196 | 05/12/2026 | 05/12/2026 | Books |
